Roanoke Knowledge - Statistics

General Stats
  • This quiz has been taken 113 times
  • The average score is 4 of 9
Answer Stats
Hint Answer % Correct
Do we know what caused the Colonists to disappear? No
89%
Were they friendly to the natives? No
89%
What word was found carved into a tree? Croatoan
68%
What two year old was on the island? Virginia Dare
47%
What year was the colony founded? 1587
37%
What war prevented outside contact from entering the island? Spanish war
37%
What year were the colonizers discovered gone? 1590
32%
Who founded the colony? Walter Raleigh
26%
What group of natives were previously on the island? Croatoan Tribe
16%
No matching quizzes found
Score Distribution
Percent of People with Each Score
Percentile by Number Answered
Your Score History
You have not taken this quiz